[Event "23rd EYCC Girls U18 2013"]
[Site "Budva MNE"]
[Date "2013.10.03"]
[Round "5.9"]
[White "Morea,G"]
[Black "Kuchava,A"]
[Result "0-1"]
[WhiteElo "1902"]
[BlackElo "2092"]

1.d4 d5 2.c4 e6 3.Nf3 Nf6 4.Nc3 Be7 5.Bf4 c5 6.dxc5 Bxc5 7.e3 Nc6 8.cxd5 Nxd5
9.Nxd5 exd5 10.Bd3 Bb6 11.O-O O-O 12.Rc1 Qf6 13.Qd2 Bg4 14.Be2 h6 15.b3 Rad8
16.Bg3 d4 17.Nxd4 Bxd4 18.exd4 Nxd4 19.Bd3 Ne2+ 20.Qxe2 Bxe2 21.Bxe2 Rd2
22.Bf3 b6 23.a4 Rd3 24.b4 Rxf3 25.gxf3 Qxf3 26.Rc7 h5 27.Rfc1 Qg4 28.R1c4 Qd1+
29.Kg2 Qxa4 30.Rh4 a5 31.Bd6 Re8 32.Rxh5 Qa1  0-1

[Event "ch-Novoyavorivsk Chess Club 2013"]
[Site "Novoyavorivsk UKR"]
[Date "2013.10.05"]
[Round "5.4"]
[White "Panchyshyn,Taras"]
[Black "Shkuran,D"]
[Result "1/2-1/2"]
[WhiteElo "2128"]
[BlackElo "2391"]

1.d4 d5 2.c4 e6 3.Nc3 Nf6 4.Nf3 Be7 5.Bf4 c6 6.e3 O-O 7.Rc1 Nbd7 8.Bd3 dxc4
9.Bxc4 Nd5 10.Bg3 Nxc3 11.bxc3 Nf6 12.O-O c5 13.Qe2 a6 14.Ne5 Nd7 15.Nxd7 Bxd7
16.Rfd1 b5 17.Bd3 Qb6 18.Be5 cxd4 19.cxd4 Bd6 20.Bxd6 Qxd6 21.Rc5 Rfc8 22.Rdc1 g6
23.Qf3 Rab8 24.h4 Rxc5 25.Rxc5 Rc8 26.Rxc8+ Bxc8 27.h5 f5 28.hxg6 hxg6 29.Qa8 Qc7
30.Be2 Kg7 31.Bf3 Qc1+ 32.Kh2 Qc7+ 33.Kg1 Qc1+  1/2-1/2

[Event "Chigorin Memorial"]
[Site "St Petersburg RUS"]
[Date "2013.10.05"]
[Round "1.94"]
[White "Ivakhinova,I"]
[Black "Tskhadadze,A"]
[Result "1-0"]
[WhiteElo "2312"]
[BlackElo "1806"]

1.d4 d5 2.c4 e6 3.Nc3 Nf6 4.Nf3 Be7 5.Bf4 c6 6.e3 O-O 7.Qc2 Nbd7 8.h3 b6
9.cxd5 exd5 10.Bd3 Bb7 11.O-O c5 12.Rad1 Rc8 13.dxc5 bxc5 14.Ne5 h6 15.Nxd7 Nxd7
16.Nxd5 Bxd5 17.Bh7+ Kh8 18.Rxd5 Qe8 19.Bf5 Nb6 20.Rd2 Rd8 21.Rxd8 Qxd8 22.e4 Qe8
23.Be5 Qb5 24.Qc3 f6 25.Bf4 Na4 26.Qg3 Qe8 27.Qg4 Nb6 28.Bg6 Qd7 29.Qh5 Bd8
30.Rd1 Qb7 31.Bf5  1-0

[Event "23rd EYCC Open U16 2013"]
[Site "Budva MNE"]
[Date "2013.10.07"]
[Round "8.11"]
[White "Toma,Ra"]
[Black "Hovhannisyan,Karen"]
[Result "0-1"]
[WhiteElo "2255"]
[BlackElo "2123"]

1.d4 Nf6 2.Nf3 e6 3.c4 d5 4.Nc3 Be7 5.Bf4 O-O 6.e3 c6 7.cxd5 cxd5 8.Bd3 a6
9.O-O b5 10.Rc1 Bb7 11.a4 b4 12.Nb1 Nc6 13.Ne5 Nxe5 14.Bxe5 Rc8 15.Nd2 Qd7
16.Ra1 Qd8 17.a5 Nd7 18.Bg3 Rc6 19.Qe2 Qa8 20.h4 Bf6 21.Ra4 Be7 22.h5 Rfc8
23.Nb3 h6 24.Bf4 Re8 25.Bg3 Bf8 26.f4 Qb8 27.Be1 Rc7 28.Ra1 Rc6 29.Bh4 f5
30.g4 Be7 31.Bxe7 Rxe7 32.gxf5 exf5 33.Bxf5 Nf6 34.Rac1 Qe8 35.Bg6 Qc8 36.Nc5 Ng4
37.Rf3 Qc7 38.Qe1 Bc8 39.Bc2 Qxa5 40.Bb3 Nf6 41.e4 Qd8 42.Re3 Kf8 43.e5 Nxh5
44.Qh4 Rg6+ 45.Kh2 Rg4 46.Qxh5 Rxe5 47.dxe5 Rh4+ 48.Qxh4 Qxh4+ 49.Kg2 Qg4+
50.Rg3 Qe2+ 51.Kh1 Bg4 52.Bxd5 Qxb2 53.Nb3 Qe2 54.Rg2 Qd3 55.Rd2 Qh3+ 56.Kg1 a5
57.e6 Bxe6 58.Bxe6 Qxe6 59.Rd3 Qg6+ 60.Kf2 Qxd3 61.Rc8+ Kf7 62.Nxa5 Qd4+
63.Kf3  0-1

[Event "Chigorin Memorial"]
[Site "St Petersburg RUS"]
[Date "2013.10.09"]
[Round "5.52"]
[White "Shinkevich,V"]
[Black "Antinyan,A"]
[Result "1/2-1/2"]
[WhiteElo "2489"]
[BlackElo "2179"]

1.d4 e6 2.c4 d5 3.Nf3 Nf6 4.Nc3 Be7 5.Bf4 O-O 6.e3 b6 7.cxd5 Nxd5 8.Nxd5 exd5
9.Bd3 Bb4+ 10.Ke2 Bd6 11.Bxd6 Qxd6 12.Rc1 h6 13.Qc2 c6 14.Rhd1 Be6 15.Kf1 Rc8
16.Ne5 c5 17.f4 c4 18.Bh7+ Kh8 19.f5 f6 20.Ng6+ Kxh7 21.fxe6 Kg8 22.Qf5 Nc6
23.e4 Nb4 24.a3 Nd3 25.Qxd5 Qxh2 26.Rxd3 Qh1+ 27.Kf2 Qxc1 28.e7+ Kh7 29.Rg3 Qxb2+
30.Kg1 Qd2 31.Kh2 Qa5 32.Qf7 Qh5+ 33.Kg1 Qd1+ 34.Kh2 Qh5+ 35.Kg1 Qd1+ 36.Kh2 Qh5+
37.Kg1  1/2-1/2

[Event "Chigorin Memorial"]
[Site "St Petersburg RUS"]
[Date "2013.10.10"]
[Round "6.57"]
[White "Shinkevich,V"]
[Black "Semenova,El1"]
[Result "1/2-1/2"]
[WhiteElo "2489"]
[BlackElo "2163"]

1.d4 d5 2.c4 e6 3.Nf3 Be7 4.Nc3 Nf6 5.Bf4 O-O 6.e3 dxc4 7.Bxc4 a6 8.O-O b5
9.Bd3 Bb7 10.Qe2 Nbd7 11.Rfd1 c5 12.dxc5 Bxc5 13.Ne5 Qe7 14.Nxd7 Nxd7 15.Rac1 Rac8
16.a4 e5 17.Bg3 e4 18.Bb1 bxa4 19.Nxa4 Bb4 20.h3 h6 21.Kh2 Qe6 22.Nc3 Nf6
23.Rd4 Bc5 24.Ra4 Qe7 25.Rd1 Rfd8 26.Rxd8+ Rxd8 27.Ba2 Bb6 28.Bc4 a5 29.Ra1 Nd5
30.Bxd5 Bxd5 31.Qb5 Qb4 32.Qxb4 axb4 33.Nxd5 Rxd5 34.Ra8+ Kh7 35.Rb8 Ba5
36.h4 Kg6 37.Rb7 Kf6 38.Kh3 h5 39.Bf4 Ke6 40.Kg3 Rd7 41.Rb8 Rd8 42.Rb5 Rd5
43.Rb7 Rd7 44.Rb8 Rd8 45.Rb7 Rd7 46.Rb8 Rd8 47.Rb7  1/2-1/2

[Event "Indonesia Open 2013"]
[Site "Jakarta INA"]
[Date "2013.10.12"]
[Round "4.29"]
[White "Irwanto,S"]
[Black "Kaisar,J"]
[Result "1/2-1/2"]
[WhiteElo "2407"]
[BlackElo "2299"]

1.d4 Nf6 2.Nf3 e6 3.c4 d5 4.Nc3 Be7 5.Bf4 O-O 6.e3 b6 7.Bd3 Bb7 8.cxd5 exd5
9.O-O Nbd7 10.Qb1 h6 11.b4 c6 12.Qb3 a5 13.a3 b5 14.Rac1 Nb6 15.Nxb5 Nc4
16.Nc3 Ba6 17.Rfd1 axb4 18.axb4 Qb6 19.Rb1 Bb5 20.Ne5 Na3 21.Ra1 Bc4 22.Bxc4 dxc4
23.Nxc4 Qxb4 24.Rxa3 Rxa3 25.Qxb4 Bxb4 26.Nxa3 Bxc3 27.Nc4 Nd5 28.Bg3 Ra8
29.h3 f6 30.e4 Nb4 31.d5 cxd5 32.exd5 Ra1 33.Rxa1 Bxa1 34.d6 Kf7 35.Na5 Be5
36.Bxe5 fxe5 37.Kf1 Ke6 38.Nc4 Nc6 39.Ke2 Nd8 40.d7 Nf7 41.Kd3 Kxd7 42.Ke4 Ke6
43.h4  1/2-1/2

[Event "TCh-Belgrade Premier liga 2013"]
[Site "Belgrade SRB"]
[Date "2013.10.14"]
[Round "3.1"]
[White "Martinovic,Sl"]
[Black "Kocic,S"]
[Result "1/2-1/2"]
[WhiteElo "2393"]
[BlackElo "2238"]

1.Nf3 Nf6 2.c4 e6 3.d4 d5 4.Nc3 Be7 5.Bf4 O-O 6.e3 c5 7.dxc5 Bxc5 8.a3 a6
9.cxd5 exd5 10.Rc1 Nc6 11.Bg5 Be7 12.Be2 Be6 13.O-O h6 14.Bh4 Rc8 15.Re1 Ne4
16.Bxe7 Nxc3 17.Bxd8 Nxd1 18.Bh4 Nxb2 19.Rb1 Nc4 20.Rxb7 Rb8 21.Rc7 Rfc8
22.Rxc8+ Bxc8 23.e4 Be6 24.exd5 Bxd5 25.Rd1 Be6 26.h3 Nxa3 27.Bxa6 Rb1 28.Rxb1 Nxb1
29.Bg3 Nc3 30.Ne5 Nxe5 31.Bxe5 Nd5 32.Kf1 f6 33.Bd6 Kf7 34.Ke2 Nb6 35.Kd3 Bc8
36.Bb5 Bd7 37.Ba6 Nc8 38.Bc5 Ne7 39.Ke3 Be6 40.f3 g5 41.Kf2 h5 42.Be2  1/2-1/2

[Event "51st ch-IND B 2013"]
[Site "Bhopal IND"]
[Date "2013.10.15"]
[Round "4.12"]
[White "Kunte,A"]
[Black "Deshpande,Ani"]
[Result "1/2-1/2"]
[WhiteElo "2487"]
[BlackElo "2270"]

1.d4 d5 2.c4 e6 3.Nc3 Nf6 4.Nf3 Be7 5.Bf4 O-O 6.e3 c6 7.Qc2 b6 8.cxd5 Nxd5
9.Nxd5 Qxd5 10.Bd3 Qa5+ 11.Ke2 Ba6 12.Rhc1 c5 13.dxc5 Qxc5 14.Qxc5 Bxd3+
15.Kxd3 Bxc5 16.a3 a5 17.Ke2 Nc6 18.Bd6 Bxd6 19.Rxc6 Bc5 20.Rc1 Ra7 21.Ne5 Rb7
22.Rd1 g6 23.Nd7 Ra8 24.Rd2 h5 25.Nxc5 bxc5 26.Rxc5 Rab8 27.Rxa5 Rxb2 28.Rxb2 Rxb2+
29.Kf3 Ra2 30.h4 Kg7 31.e4 Kf6 32.Ke3 Ra1 33.Ra6 Ra2 34.g3 Ra1 35.Kf4 Ra2
36.e5+ Kg7 37.Ke3 Ra1 38.Ra8 Re1+ 39.Kf4 Re2 40.f3 Ra2 41.a4 Ra1 42.Ke4 Re1+
43.Kd4 Rg1 44.Ke3 Rxg3 45.Rb8 Rg1 46.Rb4 g5 47.hxg5 Kg6 48.Rb8 Ra1 49.Rg8+ Kf5
50.Rg7 Ra3+ 51.Kf2 Rxa4 52.Kg3 h4+ 53.Kh3 Kf4 54.Rxf7+ Kxg5 55.Rf6  1/2-1/2

[Event "FSFMA October 2013"]
[Site "Budapest HUN"]
[Date "2013.10.15"]
[Round "10.3"]
[White "Bohus,Adam"]
[Black "Ortel,E"]
[Result "1-0"]
[WhiteElo "1937"]
[BlackElo "2208"]

1.d4 e6 2.c4 Nf6 3.Nc3 d5 4.Nf3 Be7 5.Bf4 O-O 6.e3 c6 7.Bd3 dxc4 8.Bxc4 b5
9.Bd3 a6 10.O-O Bb7 11.Ne4 Nbd7 12.Nd6 Qb6 13.Nxb7 Qxb7 14.Ne5 Nxe5 15.Bxe5 Nd7
16.Bg3 Rac8 17.e4 g6 18.Qf3 c5 19.d5 exd5 20.exd5 Bf6 21.Rae1 Rfe8 22.Be4 Bxb2
23.d6 Qb6 24.Bd5 Nf6 25.d7  1-0

[Event "Indonesia Open 2013"]
[Site "Jakarta INA"]
[Date "2013.10.15"]
[Round "8.5"]
[White "Iturrizaga,E"]
[Black "Ganguly,S"]
[Result "0-1"]
[WhiteElo "2658"]
[BlackElo "2639"]

1.Nf3 Nf6 2.c4 e6 3.Nc3 d5 4.d4 Be7 5.Bf4 O-O 6.e3 Nbd7 7.Qc2 c5 8.Rd1 cxd4
9.Rxd4 Qa5 10.Be2 dxc4 11.Rxc4 b5 12.Rd4 b4 13.Qa4 Qc5 14.Rc4 Qb6 15.Nb1 Nc5
16.Qd1 Bb7 17.Rd4 Bd5 18.b3 Qa5 19.Qd2 Nce4 20.Qb2 Nc3 21.Nxc3 bxc3 22.Qc2 Be4
23.Rxe4 Nxe4 24.Bd3 Nf6 25.Be5 h6 26.Bxc3 Bb4 27.Bxb4 Qxb4+ 28.Ke2 Nd5 29.Rc1 Qa3
30.Be4 Nb4 31.Qc5 Qxa2+ 32.Ke1 Rab8 33.Nd4 Qa6  0-1

[Event "35th Arco Open 2013"]
[Site "Arco ITA"]
[Date "2013.10.16"]
[Round "5.19"]
[White "Karl,H"]
[Black "Caorlin,M"]
[Result "1-0"]
[WhiteElo "2131"]
[BlackElo "1860"]

1.d4 d5 2.c4 e6 3.Nc3 Be7 4.Nf3 Nf6 5.Bf4 O-O 6.e3 c5 7.Bd3 Nc6 8.O-O dxc4
9.Bxc4 b6 10.dxc5 Bxc5 11.Qe2 Bb7 12.Rfd1 Qe7 13.a3 a5 14.Bg5 h6 15.Bh4 g5
16.Bg3 Rad8 17.h3 Bd6 18.Bxd6 Rxd6 19.Rxd6 Qxd6 20.Rd1 Qb8 21.Rd2 Ne5 22.Nxe5 Qxe5
23.Qd1 Ne4 24.Nxe4 Qxe4 25.Bf1 Bd5 26.Rd4 Qe5 27.Qh5 Kg7 28.h4 Rh8 29.Qe2 Qc7
30.Qd2 f6 31.e4 Bc6 32.Bc4 Re8 33.h5 Qc8 34.f3 Re7 35.Rd8 Qc7 36.Qd6 Qxd6
37.Rxd6  1-0

[Event "51st ch-IND B 2013"]
[Site "Bhopal IND"]
[Date "2013.10.16"]
[Round "6.6"]
[White "Neelotpal,D"]
[Black "Aravindh,Chithambaram VR."]
[Result "1/2-1/2"]
[WhiteElo "2455"]
[BlackElo "2346"]

1.d4 Nf6 2.c4 e6 3.Nf3 d5 4.Nc3 Be7 5.Bf4 O-O 6.e3 Nbd7 7.Be2 dxc4 8.O-O c5
9.Bxc4 cxd4 10.exd4 Nb6 11.Bd3 Nbd5 12.Bg3 b6 13.Rc1 Bb7 14.Re1 Rc8 15.Be5 Nd7
16.Bg3 N7f6  1/2-1/2

[Event "SPICE Cup Open 2013"]
[Site "St Louis USA"]
[Date "2013.10.16"]
[Round "3.2"]
[White "Shabalov,A"]
[Black "Ipatov,Alexander"]
[Result "1/2-1/2"]
[WhiteElo "2520"]
[BlackElo "2625"]

1.d4 d5 2.c4 e6 3.Nf3 Nf6 4.Nc3 Be7 5.Bf4 O-O 6.a3 b6 7.e3 Ba6 8.Qa4 dxc4
9.Bxc4 Bb7 10.Rd1 Nbd7 11.O-O a6 12.Qc2 Bd6 13.Bg3 Bxg3 14.hxg3 Qe7 15.e4 c5
16.d5 b5 17.dxe6 fxe6 18.Ba2 c4 19.Bb1 Ng4 20.Qe2 Rad8 21.Rd2 Nde5 22.Nxe5 Nxe5
23.Rfd1 Rxd2 24.Qxd2 Bc8 25.Qd4 Qg5 26.Ne2 Nc6 27.Qb6 Qf6 28.Nc3 Ne5 29.Qd4 g5
30.Bc2 h5 31.Ne2 Qg7 32.b3 h4 33.bxc4 hxg3 34.Nxg3 Nxc4 35.a4 Nb2 36.Qxg7+ Kxg7
37.Rd4 Nxa4 38.Bxa4 bxa4 39.Rxa4 Rd8 40.f3 Rd1+  1/2-1/2

[Event "TCh-Belgrade Premier liga 2013"]
[Site "Belgrade SRB"]
[Date "2013.10.17"]
[Round "6.2"]
[White "Damjanovic,D"]
[Black "Milicevic,A"]
[Result "1-0"]
[WhiteElo "2251"]
[BlackElo "2192"]

1.d4 d5 2.c4 e6 3.Nf3 Nf6 4.Nc3 Be7 5.Bf4 O-O 6.e3 b6 7.cxd5 exd5 8.Bd3 Bb7
9.O-O Nbd7 10.h3 c5 11.dxc5 bxc5 12.Rc1 Nb6 13.Qe2 Bd6 14.Bxd6 Qxd6 15.Rfd1 Rfe8
16.Nb5 Qe7 17.Rd2 Bc6 18.Nc3 Bb7 19.Qd1 Rac8 20.Be2 g6 21.a4 Ne4 22.Nxe4 dxe4
23.Nh2 Red8 24.a5 Rxd2 25.Qxd2 Nd5 26.Bc4 Nb4 27.Rd1 Nc6 28.Qc3 h5 29.Nf1 Rd8
30.Rd2 Rxd2 31.Nxd2 Ne5 32.Be2 Bc6 33.Nb3 Nd7 34.Bc4 Ba4 35.Nd2 Bc6 36.Qb3 Kg7
37.Bd5 Bxd5 38.Qxd5 Nf6 39.Qc4 Qe5 40.Qb5 Qd5 41.Nc4 Qd1+ 42.Kh2 Qf1 43.Qxc5 Qxf2
44.Qe5 Kg8 45.Qg5 Kg7 46.b4 Qa2 47.Nd6  1-0

[Event "Oscaro Open 2013"]
[Site "Bastia FRA"]
[Date "2013.10.20"]
[Round "9.4"]
[White "Greenfeld,A"]
[Black "Fridman,D"]
[Result "1/2-1/2"]
[WhiteElo "2545"]
[BlackElo "2602"]

1.d4 d5 2.c4 e6 3.Nf3 Nf6 4.Nc3 Be7 5.Bf4 O-O 6.e3 Nbd7 7.c5 Nh5 8.Bd3 Nxf4
9.exf4 b6 10.b4 a5 11.a3 c6 12.O-O Qc7 13.g3 Ba6 14.Bxa6 Rxa6 15.Qe2 Raa8
16.f5 axb4 17.axb4 Rxa1 18.Rxa1 e5 19.Nxe5 Nxe5 20.dxe5 bxc5 21.bxc5 Bxc5
22.Rc1 Re8 23.Qa6 Qb6 24.Qxb6 Bxb6 25.Na4 Bd4 26.Rxc6 Bxe5 27.Nb6 d4 28.Nd7 d3
29.Nxe5 d2 30.Rd6 f6 31.Rxd2 Rxe5 32.Rd8+ Kf7 33.Rd7+ Kg8 34.Rd8+ Kf7 35.Rd7+ Kg8
36.Rd8+  1/2-1/2

[Event "Guernsey Open 2013"]
[Site "Guernsey GCI"]
[Date "2013.10.20"]
[Round "1"]
[White "Maloberti,D"]
[Black "Goris Schouwstra,A"]
[Result "1-0"]
[WhiteElo "2059"]
[BlackElo "1903"]

1.d4 d5 2.c4 e6 3.Nf3 Be7 4.Nc3 Nf6 5.Bf4 a6 6.e3 O-O 7.g4 Nxg4 8.Rg1 Nf6
9.Bh6 Ne8 10.Ne5 Bf6 11.Qh5 dxc4 12.Bxc4 Bxe5 13.Qxe5 f6 14.Bxe6+ Kh8 15.Qc5 Qd6
16.Bxc8 gxh6 17.Bxb7 Qxc5 18.dxc5 Ra7 19.Bd5 c6 20.Bf3 Rd7 21.Ke2 a5 22.Rad1 Rxd1
23.Rxd1 Nc7 24.Rd6 Nca6 25.Bxc6 Nxc5 26.Bb5 Kg7 27.Nd5 Ne4 28.Re6 Nc5 29.Re7+ Rf7
30.Re8 Nbd7 31.Ne7 Nf8 32.Bc4 Nce6 33.Bxe6  1-0

[Event "29th ECC Open 2013"]
[Site "Rhodes GRE"]
[Date "2013.10.20"]
[Round "1.3"]
[White "Riff,V"]
[Black "Berry,N"]
[Result "1-0"]
[WhiteElo "2335"]
[BlackElo "2254"]

1.d4 Nf6 2.Nf3 d5 3.c4 e6 4.Nc3 Be7 5.Bf4 O-O 6.a3 b6 7.cxd5 Nxd5 8.Nxd5 exd5
9.g3 c5 10.Bg2 Bb7 11.O-O Nd7 12.Rc1 Re8 13.dxc5 bxc5 14.b4 Qb6 15.bxc5 Bxc5
16.Rb1 Qa6 17.Nd4 Bxd4 18.Qxd4 Nb6 19.Be5 f6 20.Bc7 Qxe2 21.Bxb6 axb6 22.Qxb6 Re7
23.Qd6 Kh8 24.Bf3 Qe5 25.Qxe5 fxe5 26.Rxb7 Rxb7 27.Bxd5 Rba7 28.Bxa8 Rxa8
29.Ra1 Kg8 30.a4 Ra5 31.Kg2 Kf7 32.Kf3 h5 33.Ke4 Ke6 34.Ra3 g6 35.h3 Kd6
36.Ra2 Ke6 37.Kd3 Kd5 38.Kc3 Kc5 39.Kb3 Kb6 40.Kb4 Rd5 41.a5+ Ka6 42.h4 e4
43.Kc4 Rb5 44.Kd4 Rb4+ 45.Ke3 Rc4 46.Rd2 Rc6 47.Kxe4 Kxa5 48.Kf4 Kb4 49.Kg5 Kc3
50.Rd7 Re6 51.Rg7 Re2 52.Kxg6 Rxf2 53.Kxh5 Kd4 54.Re7  1-0

[Event "29th ECC Open 2013"]
[Site "Rhodes GRE"]
[Date "2013.10.21"]
[Round "2.4"]
[White "De Filomeno,S"]
[Black "Azarov,S"]
[Result "1/2-1/2"]
[WhiteElo "2422"]
[BlackElo "2623"]

1.d4 Nf6 2.c4 e6 3.Nf3 d5 4.Nc3 Be7 5.Bf4 O-O 6.e3 Nbd7 7.cxd5 Nxd5 8.Nxd5 exd5
9.Bd3 c5 10.O-O c4 11.Bc2 Nf6 12.Ne5 Be6 13.b3 c3 14.Qd3 Rc8 15.a3 g6 16.Qb5 Qb6
17.Qxb6 axb6 18.Rfc1 Ne4 19.f3 Nd2 20.Kf2 f6 21.Nd3 Bf5 22.Ke2 Rfe8 23.g4 Bd7
24.a4 b5 25.axb5 Ra8 26.b6 Ba3 27.Rd1 Bb5 28.Ra2 Re6 29.Rda1 g5 30.Bg3 Rae8
31.Bf2 Bb2 32.Rd1 Bxd3+ 33.Kxd3 Nxf3 34.h3 Rxb6 35.Ra5 Nd2 36.Rxd5 Nxb3 37.e4 Nc1+
38.Ke3 Na2 39.Rc5 Nb4 40.Bb3+ Kh8 41.Kf3 Na6 42.Bc2 Nxc5 43.dxc5 Rc6 44.Rd5 Ba3
45.Bd4 Rec8 46.Rf5 Rd8 47.Rd5 Rxd5 48.exd5 Rxc5 49.Bxc5 Bxc5 50.Ke4 Kg7 51.Kd3 Bb4
52.Kc4 Ba5 53.Kc5 h5 54.d6 h4 55.Kb5 Bd8 56.Kb4 Kf7 57.Bb3+ Ke8 58.Ba4+ Kf7
59.Bb3+ Ke8 60.Ba4+  1/2-1/2

[Event "29th ECC Open 2013"]
[Site "Rhodes GRE"]
[Date "2013.10.22"]
[Round "3.14"]
[White "Volke,K"]
[Black "Jepson,C"]
[Result "1/2-1/2"]
[WhiteElo "2459"]
[BlackElo "2392"]

1.d4 d5 2.c4 e6 3.Nf3 Nf6 4.Nc3 Be7 5.Bf4 O-O 6.e3 b6 7.cxd5 Nxd5 8.Nxd5 Qxd5
9.Bd3 Qa5+ 10.Nd2 Ba6 11.Bxa6 Qxa6 12.Qe2 c5 13.dxc5 Bxc5 14.Bxb8 Qxe2+ 15.Kxe2 Raxb8
16.Rac1 Rfc8 17.Nb3 Kf8 18.Rc2 Ke8 19.Rhc1 Kd7 20.Rd1+ Ke8 21.Rdc1 Kd7 22.Rd2+ Ke7
23.Rdc2 Kd7  1/2-1/2

[Event "29th ECC Open 2013"]
[Site "Rhodes GRE"]
[Date "2013.10.23"]
[Round "4.5"]
[White "Sjugirov,S"]
[Black "Ahvenjarvi,Jani"]
[Result "1-0"]
[WhiteElo "2635"]
[BlackElo "2241"]

1.Nf3 d5 2.d4 Nf6 3.c4 e6 4.Nc3 Be7 5.Bf4 O-O 6.e3 Nbd7 7.c5 c6 8.Bd3 b6
9.b4 a5 10.a3 Ba6 11.b5 Bb7 12.cxb6 Qxb6 13.O-O a4 14.Nxa4 Qa5 15.Nc5 Nxc5
16.dxc5 cxb5 17.Nd4 Rfc8 18.Bd6 Bxd6 19.cxd6 Ba6 20.Qb1 Qd8 21.Qb4 Ne8 22.d7 Qxd7
23.Nxb5 Rcb8 24.a4 Nd6 25.Rab1 Bxb5 26.axb5 Rb6 27.Rfc1 Rab8 28.Rc5 g6 29.h4 Qe7
30.Rbc1 Qf6 31.g3 h5 32.Rc6 Nc4 33.Rxb6 Nxb6 34.Rc6 Qd8 35.Qc5 Rb7 36.Kg2 Kh7
37.Qd4 Kg8 38.Qe5 Qe7 39.Kg1 Qe8 40.Qd6 Qf8 41.Rxb6  1-0

[Event "29th ECC Open 2013"]
[Site "Rhodes GRE"]
[Date "2013.10.24"]
[Round "5.9"]
[White "Ragger,M"]
[Black "Kovacs,Ga2"]
[Result "1-0"]
[WhiteElo "2668"]
[BlackElo "2459"]

1.d4 d5 2.c4 e6 3.Nc3 Nf6 4.Nf3 Be7 5.Bf4 O-O 6.e3 Nbd7 7.Qc2 c5 8.Rd1 Qa5
9.Nd2 Qb6 10.cxd5 Nxd5 11.Nxd5 exd5 12.Bd3 h6 13.Nb1 cxd4 14.exd4 Bb4+ 15.Nc3 Re8+
16.Be3 Nf6 17.O-O Bg4 18.Rc1 Bd6 19.Qd2 Bd7 20.a3 Rac8 21.Rc2 Bb8 22.Bf4 Bxf4
23.Qxf4 Qc7 24.Qf3 Qd6 25.Rfc1 Bg4 26.Qg3 Qxg3 27.hxg3 Bd7 28.f3 Kf8 29.Kf2 Ke7
30.g4 a6 31.Bf5 Kd8 32.Bd3 Ke7 33.Ke3 Kd6+ 34.Kd2 Rc6 35.Nd1 Rxc2+ 36.Bxc2 Bb5
37.Ne3 Bd7 38.Bf5 Bc6 39.b4 Ra8 40.Rb1 Ng8 41.Bd3 Ne7 42.Rh1 Bd7 43.Re1 a5
44.b5 Rc8 45.Nd1 Re8 46.Ne3 Rc8 47.Rb1 b6 48.Re1 Re8 49.Nd1 Nc8 50.Rh1 Ne7
51.Nc3 Be6 52.Re1 Rd8 53.Ne2 f6 54.Ng3 Bf7 55.Rc1 Be8 56.a4 Bd7 57.Nh5 Rg8
58.Re1 f5 59.gxf5 Nxf5 60.Bxf5 Bxf5 61.Nf4 g5 62.Ne2 Re8 63.Rh1 Re6 64.Ng3 Bh7
65.Nf1 Ke7 66.Ne3 Rd6 67.Rc1 Kd8 68.Ng4 Bf5 69.Ne5 Rf6 70.Nc6+ Kd7 71.Re1 Be6
72.Rh1 Bf5 73.Ne5+ Ke8 74.Re1 Re6 75.Rc1 Kd8 76.Nf7+ Kd7 77.Rh1 Rf6 78.Nxh6 Be6
79.Ke3 Ke7 80.Rh5 Rg6 81.Kf2 Kf6 82.Kg3 Rg7 83.Ng4+ Ke7 84.Ne5 Bf5 85.Rh6 Be6
86.Rh1 Kd6 87.Rc1 Rc7 88.Rxc7 Kxc7 89.f4 gxf4+ 90.Kxf4  1-0

[Event "14th Liberec Open"]
[Site "Liberec CZE"]
[Date "2013.10.27"]
[Round "2.5"]
[White "Smolik,Boris"]
[Black "Yakimenko,Alex"]
[Result "0-1"]
[WhiteElo "1954"]
[BlackElo "2212"]

1.c4 e6 2.Nf3 Nf6 3.Nc3 d5 4.d4 Be7 5.Bf4 c6 6.Qc2 Nbd7 7.g4 dxc4 8.e4 b5
9.g5 Nh5 10.Be3 Bb7 11.Be2 Qc7 12.Ne5 Nxe5 13.dxe5 g6 14.f4 h6 15.Bxh5 gxh5
16.h4 O-O-O 17.Rd1 a6 18.O-O hxg5 19.hxg5 c5 20.Qf2 Qc6 21.Kh2 Rd3  0-1

[Event "17th OIBM 2013"]
[Site "Bad Wiessee GER"]
[Date "2013.10.28"]
[Round "4.6"]
[White "Sumets,A"]
[Black "Singer,C"]
[Result "1-0"]
[WhiteElo "2598"]
[BlackElo "2343"]

1.d4 d5 2.c4 e6 3.Nf3 Nf6 4.Nc3 Be7 5.Bf4 O-O 6.e3 b6 7.Bd3 Bb7 8.cxd5 exd5
9.O-O a6 10.Ne5 Nbd7 11.Qf3 c5 12.Rad1 cxd4 13.exd4 Re8 14.Ne2 Bf8 15.Ng3 Nxe5
16.dxe5 Nd7 17.Rfe1 Nc5 18.Nf5 Nxd3 19.Rxd3 Qf6 20.Nd4 Rac8 21.h3 Qg6 22.Qd1 h6
23.Rg3 Qh7 24.Qh5 g6 25.Qd1 Bg7 26.h4 Qh8 27.Rb3 b5 28.a4 Bxe5 29.Rbe3 f6
30.axb5 Qg7 31.bxa6 Bxa6 32.Nf3 Bb7 33.Bxe5 fxe5 34.Nxe5 Rcd8 35.Nxg6 Qxg6
36.Rg3 Rxe1+ 37.Qxe1 Qxg3 38.fxg3 d4 39.Qe7  1-0

[Event "17th OIBM 2013"]
[Site "Bad Wiessee GER"]
[Date "2013.10.30"]
[Round "6.1"]
[White "Sumets,A"]
[Black "Berkes,F"]
[Result "1/2-1/2"]
[WhiteElo "2598"]
[BlackElo "2673"]

1.d4 Nf6 2.c4 e6 3.Nf3 d5 4.Nc3 Be7 5.Bf4 O-O 6.e3 Nbd7 7.cxd5 Nxd5 8.Nxd5 exd5
9.a3 c5 10.dxc5 Nxc5 11.Be5 Bg4 12.Be2 Bxf3 13.Bxf3 Bf6 14.Bxf6 Qxf6 15.O-O Qxb2
16.Qxd5 Rac8 17.Rab1 Qxa3 18.Ra1 Qb2  1/2-1/2

[Event "3rd Panama Open"]
[Site "Panama City PAN"]
[Date "2013.10.30"]
[Round "1.30"]
[White "Baules,J"]
[Black "Bonilla,Felix"]
[Result "1-0"]
[WhiteElo "2311"]
[BlackElo "2072"]

1.d4 d5 2.c4 e6 3.Nf3 Nf6 4.Nc3 Be7 5.Bf4 O-O 6.e3 c6 7.Bd3 Nbd7 8.h3 dxc4
9.Bxc4 b5 10.Bb3 Bb7 11.O-O h6 12.Qe2 a6 13.Rfd1 Nd5 14.Bg3 Nxc3 15.bxc3 Nf6
16.e4 Qb6 17.c4 c5 18.d5 exd5 19.cxd5 Rad8 20.Nh4 Rfe8 21.Qf3 c4 22.Bc2 g6
23.d6  1-0

[Event "Chinese Zonal w 2013"]
[Site "Zhongshan CHN"]
[Date "2013.10.30"]
[Round "2.2"]
[White "Shen Yang"]
[Black "Liu,Manli"]
[Result "1-0"]
[WhiteElo "2415"]
[BlackElo "2133"]

1.d4 Nf6 2.Nf3 d5 3.c4 e6 4.Nc3 Be7 5.Bf4 O-O 6.e3 c5 7.dxc5 Bxc5 8.a3 dxc4
9.Bxc4 a6 10.b4 Be7 11.Qc2 b5 12.Rd1 Qb6 13.Bd3 Bb7 14.Be5 h6 15.Ne4 Nbd7
16.Nxf6+ Nxf6 17.O-O Rac8 18.Qb1 Bd5 19.Rfe1 Rfd8 20.Bd4 Qc7 21.Ne5 Ba8 22.f3 Bd6
23.f4 Qb7 24.Nf3 Qe7 25.Qb2 Bb8 26.a4 Bd6 27.axb5 Bxb4 28.bxa6 Bxe1 29.Rxe1 Ne8
30.Qf2 Rb8 31.Ra1 Rb3 32.Qc2 Ra3 33.Rb1 Qd7 34.Ne5 Qc7 35.Bh7+ Kh8 36.Qxc7 Nxc7
37.Nxf7+ Kxh7 38.Nxd8 Rxa6 39.Rb2 Bd5 40.Be5 Ne8 41.Nb7 h5 42.Kf2 Kg6 43.Nc5 Ra5
44.Rc2 Kf5 45.Kg3 g5 46.Kf2 gxf4 47.exf4 Nf6 48.Bxf6 Kxf6 49.Nd7+ Kf5 50.g3 h4
51.Re2 hxg3+ 52.hxg3 Ra2 53.Rxa2 Bxa2 54.Ne5 Bb3 55.Ke3 Bd1 56.Nd3 Bh5 57.Ne5 Bd1
58.Nc6 Kg4 59.Kf2 Kf5 60.Ne5 Bh5 61.Nc4 Ke4 62.Ne5 Bd1 63.Kg2 Kf5 64.Kh3 Be2
65.Kh4 Bd1 66.Nc6 Kf6 67.g4 Kg6 68.Ne5+ Kf6 69.Nc6 Kg6 70.Nd4 Kf6 71.g5+ Kf7
72.Kg3 Bh5 73.Kf2 Kg6 74.Nc6 Kf5 75.Ke3 e5 76.Nxe5 Be8 77.Nf3 Kg4 78.Ne5+ Kf5
79.Kf3 Bh5+ 80.Kg3 Be8 81.Ng4 Bh5 82.Nh6+ Kg6 83.Kh4 Bd1 84.f5+ Kh7 85.Kg3 Bc2
86.Kf4 Bb3 87.Ng4 Kg7 88.Ne5 Ba4 89.f6+ Kg8 90.g6 Bb5 91.Kf5  1-0

[Event "80th ch-BRA S/F 1 2013"]
[Site "Rio de Janeiro BRA"]
[Date "2013.11.01"]
[Round "3.5"]
[White "Quintiliano Pinto,R"]
[Black "Lucena,L"]
[Result "1-0"]
[WhiteElo "2355"]
[BlackElo "2159"]

1.d4 Nf6 2.c4 e6 3.Nf3 d5 4.Nc3 Be7 5.Bf4 O-O 6.e3 c5 7.dxc5 Nc6 8.a3 Bxc5
9.Qc2 Qa5 10.O-O-O dxc4 11.Bxc4 a6 12.Bd3 h6 13.Kb1 Be7 14.e4 e5 15.Bd2 Qd8
16.Bc4 Bd6 17.Be3 Qe7 18.Ba2 Bg4 19.h3 Bxf3 20.gxf3 Rac8 21.Rhg1 Kh7 22.Nd5 Qd8
23.Bb6 Qd7 24.Nxf6+ gxf6 25.Qd2 Rfd8 26.Bxd8 Rxd8 27.Rg4 Nd4 28.Rdg1 Bf8
29.Qd3 Qc7 30.Rc1 Qe7 31.Qe3 b5 32.f4 a5 33.fxe5 fxe5 34.f4 b4 35.fxe5 bxa3
36.Rf1 Ne6 37.Qxa3 Qb7 38.Qf3  1-0

[Event "TCh-NED Meesterklasse 2013-14"]
[Site "Netherland NED"]
[Date "2013.11.02"]
[Round "2.4"]
[White "Seel,C"]
[Black "Diepeveen,V"]
[Result "1/2-1/2"]
[WhiteElo "2474"]
[BlackElo "2276"]

1.Nf3 Nf6 2.c4 e6 3.Nc3 d5 4.d4 Be7 5.Bf4 O-O 6.e3 c5 7.dxc5 Bxc5 8.Qc2 dxc4
9.Bxc4 a6 10.O-O Nbd7 11.Rfd1 b5 12.Ne4 Bxe3 13.Bxe3 bxc4 14.Qxc4 Nd5 15.Bd4 Bb7
16.Nd6 Qb8 17.Nxb7 Qxb7 18.Rac1 Rfc8 19.Qe2 Rxc1 20.Rxc1 Rc8 21.Qd2 Rxc1+
22.Qxc1 f6 23.b3 e5 24.Be3 Qc7 25.Qd2 Qc6 26.Ne1 f5 27.f3 Kf7 28.Bf2 h6 29.a3 Ke6
30.g3 Qc3 31.Qe2 a5 32.Qa6+ Kf7 33.Qb5 N7f6 34.Qc4 Qxc4 35.bxc4 Ne7 36.Kf1 Nc6
37.Ke2 Ke6 38.Nd3 e4 39.Nc5+ Kd6 40.fxe4 fxe4 41.a4 Ng4 42.Bg1 e3 43.Nb3 Nge5
44.Kxe3 Nxc4+ 45.Ke4 g6 46.h3 Nb2 47.Nc5 Nc4 48.Bf2 Nd2+ 49.Kd3 Nf3 50.Kc4 Nfe5+
51.Kb5 Kd5 52.Nb7 Nc4 53.Bb6 Na3+ 54.Ka6 Nb8+ 55.Kxa5 Nc6+ 56.Ka6 Nb4+ 57.Ka7 Nc4
58.Bc5 Nd3 59.Bf8 Nf2 60.h4 Ne4 61.g4 Nf2 62.h5 gxh5 63.gxh5 Ne4 64.Bxh6 Ng3
65.Bf8 Nxh5 66.Nd8 Nf6 67.Kb7 Nd7 68.Bb4 Nc5+ 69.Bxc5 Kxc5 70.Nc6 Na5+ 71.Nxa5 Kb4
72.Kc6 Kxa4  1/2-1/2

[Event "TCh-NOR Eliteserien 2013-14"]
[Site "Oslo NOR"]
[Date "2013.11.02"]
[Round "2.2"]
[White "Ekeberg,C"]
[Black "Saevareid,O"]
[Result "1/2-1/2"]
[WhiteElo "2304"]
[BlackElo "2162"]

1.d4 d5 2.c4 e6 3.Nf3 Nf6 4.Nc3 Be7 5.Bf4 O-O 6.Rc1 a6 7.c5 Nc6 8.e3 Ne4
9.h4 f5 10.Be2 Bd7 11.h5 h6 12.g3 Bf6 13.a3 Be8 14.b4 Nxc3 15.Rxc3 Qe7 16.Kf1 Bf7
17.Ne5 Bxe5 18.Bxe5 Nxe5 19.dxe5 Be8 20.Rh4 Bb5 21.a4 Bxe2+ 22.Qxe2 c6 23.Rc1 Qc7
24.Qb2 Qf7 25.a5 Rad8 26.Qd4 Kh8 27.Ke2 Rg8 28.Rch1 Rdf8 29.Ke1  1/2-1/2